Khảo sát văn hóa truyền thống Đông Sơn
Giới thiệu về nghề cổ truyền ở Đông Sơn; Truyện kể dân gian. Đề cập đến phương ngôn, ngạn ngữ, tục ngữ; Trò diễn dân gian; Các tục lệ.
Đã lưu trong:
| Tác giả chính: | |
|---|---|
| Định dạng: | Sách |
| Năm xuất bản: |
H.
Văn hóa - Thông tin
2014
|
| Chủ đề: | |
| Tags: |
Thêm thẻ
Không có thẻ, Hãy là người đầu tiên gắn thẻ bản ghi này!
|
| LEADER | 01073nam a2200193 4500 | ||
|---|---|---|---|
| 082 | |a 398.0959741 |b TR120TH | ||
| 100 | |a Trần Thị Liên | ||
| 245 | |a Khảo sát văn hóa truyền thống Đông Sơn |c Trần Thị Liên chủ biên, Phạm Văn Đấu, Phạm Minh Tự | ||
| 260 | |a H. |b Văn hóa - Thông tin |c 2014 | ||
| 300 | |a 239 tr. |c 21 cm | ||
| 520 | |a Giới thiệu về nghề cổ truyền ở Đông Sơn; Truyện kể dân gian. Đề cập đến phương ngôn, ngạn ngữ, tục ngữ; Trò diễn dân gian; Các tục lệ. | ||
| 653 | |a Văn hóa dân gian | ||
| 653 | |a Đông Sơn | ||
| 653 | |a Thanh Hóa | ||
| 653 | |a Việt Nam | ||
| 942 | |2 ddc |c STK0 | ||
| 999 | |c 2125 |d 2125 | ||
| 952 | |0 0 |1 0 |2 ddc |4 0 |6 398_095974100000000_TR120TH |7 0 |8 300 |9 30185 |a qbu |b qbu |c D2 |d 2014-12-12 |g 48 |o 398.0959741 TR120TH |p 5002.c1 |r 0000-00-00 |w 2014-12-12 |y SH |0 0 |6 398_095974100000000_TR120TH | ||
| 952 | |0 0 |1 0 |2 ddc |4 0 |6 398_095974100000000_TR120TH |7 0 |8 300 |9 77046 |a qbu |b qbu |c D2 |d 2015-06-10 |g 48 |o 398.0959741 TR120TH |p 5002.c2 |r 0000-00-00 |w 2015-06-10 |y SH |0 0 |6 398_095974100000000_TR120TH | ||